Thương mại điện tử : dùng cho đào tạo, bồi dưỡng về Quản lý Nhà nước và Hành chính doanh nghiệp /

Wedi'i Gadw mewn:
Manylion Llyfryddiaeth
Awduron Eraill: Nguyễn Ngọc Hiến chủ biên
Fformat: Sách giấy
Iaith:Vietnamese
Cyhoeddwyd: H. : Lao Động, 2003
Pynciau:
Tagiau: Ychwanegu Tag
Dim Tagiau, Byddwch y cyntaf i dagio'r cofnod hwn!
Thư viện lưu trữ: Thư viện Trường Đại học Đà Lạt
LEADER 00812nam a2200277 4500
001 DLU030025419
005 ##20021230
008 ##021230t vn z000 vie d
040 # # |a DLU  |b vie 
041 # # |a vie 
044 # # |a vn 
082 # # |a 381.142  |b Thu 
245 # # |a Thương mại điện tử :  |b dùng cho đào tạo, bồi dưỡng về Quản lý Nhà nước và Hành chính doanh nghiệp /  |c Nguyễn Ngọc Hiến chủ biên 
260 # # |a H. :  |b Lao Động,  |c 2003 
300 # # |a 242 tr. ;  |c 19 cm 
653 # # |a Thương mại điện tử 
700 # # |a Nguyễn Ngọc Hiến  |b chủ biên 
992 # # |a 24500 
994 # # |a DLU 
900 # # |a True 
911 # # |a Thái Thị Thanh Thủy 
925 # # |a G 
926 # # |a A 
927 # # |a SH 
980 # # |a Thư viện Trường Đại học Đà Lạt